| 000 | 00444nam a2200193Ia 4500 | ||
|---|---|---|---|
| 005 | 20240823050803.0 | ||
| 008 | 240823s9999||||xx |||||||||||||| ||und|| | ||
| 020 | _a978-93-806195-6-9 | ||
| 041 | _aENGLISH | ||
| 082 | _A338.064 Q3 | ||
| 100 | _aParthajeet Sarma | ||
| 245 | 0 | _aSmart Phones Dumb People | |
| 250 | _a1st | ||
| 260 |
_c2013 _bGood Times |
||
| 500 | _aYES | ||
| 650 |
_aGeneral _bGeneral |
||
| 942 | _cBK | ||
| 999 |
_c218052 _d218052 |
||